000 00424nam a2200181Ia 4500
003 0STCL
008 150530s9999 xx 000 0 und d
040 _aSTCL
_cSTCL
100 _aAlexander Japp, H.
245 _aRobert Louis Stevenson a record an estimate and a memorial
250 _aSecond
260 _c1905
300 _a0
546 _aEnglish
942 _2ddc
_cBK
999 _c61499
_d61499
005 20220125171152.0